[Event "Hebraica op 32nd"]
[Site "Hebraica"]
[Date "2024.02.02"]
[Round "1"]
[White "Leal, Guilherme Alves De"]
[Black "Sangiovanni, Marcello Gouveia"]
[Result "0-1"]
[WhiteElo "1284"]
[BlackElo "1721"]
[PlyCount "92"]
[EventDate "2024.02.02"]
[EventType "swiss"]
[EventRounds "6"]
[EventCountry "BRA"]
[SourceTitle "CB07_2024"]
[SourceDate "2024.02.14"]
[SourceVersion "1"]
[SourceVersionDate "2024.02.14"]
[SourceQuality "1"]

1. e4 e6 2. d3 d5 3. Nd2 Nf6 4. Ngf3 c5 5. g3 Nc6 6. Bg2 Be7 7. 0-0 0-0 8. Re1 b5 9. e5 Nd7 10. Nf1 Qc7 11. Bf4 Bb7 12. h4 Rac8 13. N1h2 c4 14. d4 Qb6 15. c3 Qa5 16. Ng5 h6 17. Ne4 dxe4 18. Qg4 f5 19. Qg6 Rf7 20. Bxh6 Nf8 21. Qh5 gxh6 22. g4 Qd8 23. gxf5 exf5 24. Re3 Bxh4 25. Qxh6 Rh7 26. Qf4 Kh8 27. Qxf5 Qg5 28. Qxg5 Bxg5 29. Rxe4 Ne7 30. Rg4 Bxg2 31. Kxg2 Ne6 32. Nf3 Rg8 33. b3 Nd5 34. bxc4 bxc4 35. Nxg5 Rxg5 36. Rxg5 Nxg5 37. Rb1 Rc7 38. Rh1+ Kg7 39. Kf1 Nxc3 40. Rg1 Kh6 41. f4 Ne6 42. f5 Nxd4 43. Rg6+ Kh5 44. Rg3 Ne4 45. Re3 Nxf5 46. Rxe4 Ng3+ 0-1

[Event "Hebraica op 31st"]
[Site "Hebraica"]
[Date "2023.07.02"]
[Round "6"]
[White "De Paula, Bruno Cesar Lima"]
[Black "Leal, Guilherme Alves De"]
[Result "1-0"]
[WhiteElo "1650"]
[BlackElo "1215"]
[PlyCount "95"]
[EventDate "2023.06.30"]
[EventType "swiss"]
[EventRounds "6"]
[EventCountry "BRA"]
[SourceTitle "CBM 215 Extra"]
[Source "ChessBase"]
[SourceDate "2023.09.30"]
[SourceVersion "1"]
[SourceVersionDate "2023.09.30"]
[SourceQuality "1"]

1. e4 c5 2. Nf3 a6 3. d4 cxd4 4. Nxd4 Nf6 5. Nc3 e5 6. Nf3 Bb4 7. Bd3 d5 8. Nxe5 d4 9. a3 Ba5 10. Bc4 0-0 11. b4 Bc7 12. Nxf7 Rxf7 13. Bxf7+ Kxf7 14. Nd5 Nxd5 15. Qh5+ Kg8 16. exd5 Nd7 17. Bg5 Nf6 18. Bxf6 Qxf6 19. Qe8+ Qf8 20. Qxf8+ Kxf8 21. 0-0-0 a5 22. Rxd4 axb4 23. d6 Bd8 24. d7 Bxd7 25. Rxd7 bxa3 26. c3 Bf6 27. Kc2 a2 28. Ra1 b5 29. Kb3 b4 30. Rxa2 Rxa2 31. Kxa2 bxc3 32. Kb3 Be5 33. g3 Ke8 34. Rb7 h6 35. f4 Bd4 36. h3 g5 37. f5 h5 38. Rh7 Bf6 39. Rxh5 Kf7 40. Rh7+ Kg8 41. Rh6 Kg7 42. Rxf6 Kxf6 43. g4 Ke5 44. Kxc3 Kf4 45. f6 Kg3 46. f7 Kxh3 47. f8Q Kxg4 48. Qf1 1-0